| 000 | 00424nam a2200169Ia 4500 | ||
|---|---|---|---|
| 005 | 20240823010850.0 | ||
| 008 | 240823s9999||||xx |||||||||||||| ||und|| | ||
| 082 | _A658.5 P0 | ||
| 100 | _a"Cartwright,Roger [et al]" | ||
| 245 | 0 | _aCompetence in Managing Operations | |
| 250 | _a1st | ||
| 260 |
_c2000 _b"Beacon,New Delhi" |
||
| 500 | _aYES | ||
| 650 |
_aManagement _bManagement Studies |
||
| 942 | _cBK | ||
| 999 |
_c159875 _d159875 |
||